000
00220nam a22000857a 4500
008
161130b xxu||||| |||| 00| 0 eng d
100
_9
1610
_a
Pant,K.M
245
_a
Science And Technology-VIII
260
_a
New Delhi
_b
NCERT
_c
2004
999
_c
4326
_d
4326